Sports Quiz

Random Sports or Olympics Quiz

London 2012: Facts & Figures Quiz Stats

 Plays Quiz not verified by Sporcle

Also try: NHL Vezina Trophy
Challenge
Share
Tweet
Embed
Score 0/11 Timer 04:00
0 Plays Today
Sentence Missing Number % Correct
The Olympics will last _____ days. 17
62.5%
The Olympic Stadium will have a capacity of _____80000
47.2%
There will be _____ million tickets for sale.9.6
37.5%
There will be _____ different sports.26
34.7%
The dining hall will cater for _____ athletes at a time. 5500
27.8%
The Olympic village will contain _____ beds.17320
26.4%
The Olympic village will be converted into _____ apartments3600
26.4%
_____ athletes will compete. 17000
22.2%
_____ sponsors will attend.7000
16.7%
Overall, the Games will cost about £_____ billion9
16.7%
_____ newspaper, radio, TV & internet journalists will work there20000
15.3%

You're not logged in!

Compare scores with friends on all Sporcle quizzes.
Join for Free
OR
Log In

You Might Also Like...

Show Comments

Extras

Top Quizzes Today


Score Distribution

Your Account Isn't Verified!

In order to create a playlist on Sporcle, you need to verify the email address you used during registration. Go to your Sporcle Settings to finish the process.

Report this User

Report this user for behavior that violates our Community Guidelines.

Details: